[Event "Cairo Al Ain op"]
[Site "Cairo"]
[Date "2023.11.29"]
[Round "4"]
[White "Beshara, Nadi"]
[Black "Milik Sedeak, Safwat"]
[Result "1-0"]
[WhiteElo "1972"]
[BlackElo "1444"]
[PlyCount "90"]
[EventDate "2023.11.27"]
[EventType "swiss"]
[EventRounds "10"]
[EventCountry "EGY"]
[SourceTitle "CB49_2023"]
[SourceDate "2023.12.06"]
[SourceVersion "1"]
[SourceVersionDate "2023.12.06"]
[SourceQuality "1"]

1. e4 c6 2. d4 d5 3. Nc3 dxe4 4. Bc4 Nf6 5. Bg5 b5 6. Bb3 Bg4 7. Qd2 Nbd7 8. Nge2 b4 9. Nd1 e5 10. dxe5 Nxe5 11. Qxd8+ Rxd8 12. Ng3 Bxd1 13. Bxf6 gxf6 14. Rxd1 Rxd1+ 15. Kxd1 Bc5 16. Nxe4 Bd4 17. c3 bxc3 18. bxc3 Bb6 19. Nxf6+ Ke7 20. Ne4 f5 21. Ng3 Kf6 22. Re1 h5 23. f4 Rd8+ 24. Kc2 Ng4 25. Re6+ Kg7 26. Nxf5+ Kf8 27. h3 Nf2 28. Rh6 Rd5 29. Bxd5 cxd5 30. Rf6+ Ke8 31. Re6+ Kf7 32. Rd6 d4 33. Nxd4 Ne4 34. Rh6 Nf6 35. f5 Ba5 36. Nc6 Bb6 37. Ne5+ Ke7 38. Rxf6 Kxf6 39. Nd7+ Kxf5 40. Nxb6 axb6 41. g3 Ke4 42. a4 Kf3 43. g4 hxg4 44. hxg4 Kxg4 45. Kd3 Kf4 1-0